ბათუმის შოთა რუსთაველის სახელმწიფო უნივერსიტეტის ბიბლიოთეკა

არგუმენტირებული ესე (ბიბ.ჩანაწერი № 44613)

000 -LEADER
fixed length control field 01042nam a2200253Ia 4500
001 - CONTROL NUMBER
control field 11416
003 - CONTROL NUMBER IDENTIFIER
control field GE_BSU
008 - FIXED-LENGTH DATA ELEMENTS--GENERAL INFORMATION
fixed length control field 181216s||||||||xx |||||||||||||| ||und||
040 ## - CATALOGING SOURCE
Transcribing agency GE_BSU
080 ## - UNIVERSAL DECIMAL CLASSIFICATION NUMBER
Universal Decimal Classification number 821.353.1
100 ## - MAIN ENTRY--PERSONAL NAME
Personal name წოწონავა, თენგიზ
245 ## - TITLE STATEMENT
Title არგუმენტირებული ესე
245 ## - TITLE STATEMENT
Remainder of title ქართული ენა და ლიტრატურა საერთო სამაგისტრო გამოცდა (ანალიტიკური წერა)
245 ## - TITLE STATEMENT
Statement of responsibility, etc. მხატვ: რედ: ირაკლი ბელთაძე
260 ## - PUBLICATION, DISTRIBUTION, ETC.
Place of publication, distribution, etc. თბილისი
260 ## - PUBLICATION, DISTRIBUTION, ETC.
Name of publisher, distributor, etc. საავტორო გამ-ბა
260 ## - PUBLICATION, DISTRIBUTION, ETC.
Date of publication, distribution, etc. 2013
300 ## - PHYSICAL DESCRIPTION
Extent 136გვ.29სმ.
520 ## - SUMMARY, ETC.
Summary, etc. შემოსულია ტემპუსის პროექტით
653 ## - INDEX TERM--UNCONTROLLED
Uncontrolled term არგუმენტირებული ესე
653 ## - INDEX TERM--UNCONTROLLED
Uncontrolled term ტემპუსის პროექტით
942 ## - ADDED ENTRY ELEMENTS (KOHA)
Koha item type წიგნი
ეგზემპლარები
Withdrawn status Lost status Damaged status Not for loan Date acquired Barcode Date last seen Price effective from Koha item type
        2018-12-17 35457 2018-12-17 2018-12-17 წიგნი
        2018-12-17 35458 2018-12-17 2018-12-17 წიგნი